| 000 | 00000nam 2200000za 4500 |
| 001 | 9.582466 |
| 003 | CaOODSP |
| 005 | 20210624192051 |
| 007 | cr ||||||||||| |
| 008 | 150406s2004 xxc|||||o f|0| 0 fre d |
| 020 | |a0-662-68276-9 |
| 040 | |aCaOODSP|bfre |
| 041 | |aeng |
| 041 | |afre |
| 043 | |an-cn--- |
| 086 | 1 |aS52-2/255-2004-PDF |
| 110 | 1 |aCanada.|bTravaux publics et Services gouvernementaux Canada.|bBureau de la traduction. |
| 245 | 10|aLexique de la Station spatiale internationale |h[ressource électronique] / |c[par] Monique Boileau en collaboration avec Gilles Gervais. |
| 260 | |aOttawa : |bTravaux publics et Services gouvernementaux Canada, |c2004. |
| 300 | |a248 p. |
| 490 | 1 |aBulletin de terminologie|vN° 255 |
| 500 | |a«Cet ouvrage, qui comprend quelque 760 notions, est le fruit de recherches effectuées à partir du dépouillement des revues Spaceflight et Air et Cosmos, des rapport de missions de l'Agence spatiale canadienne (2000-2002) et de nombreux documents Internet - notamment de la NASA, de l'Agence spatiale européenne (ESA) et de divers équipementiers.»--Introd. |
| 504 | |aBibliographie. |
| 590 | |a07-04-Supp|b2007-06-29 |
| 691 | 07|aTerminologie|2gcpds |
| 691 | 07|aStation orbitale|2gcpds |
| 700 | 1 |aGervais, Gilles. |
| 700 | 1 |aBoileau, Monique. |
| 791 | |tInternational Space Station glossary |eeng|w(CaOODSP)9.582465 |
| 830 | #0|aBulletin de terminologie ;|vN° 255|w(CaOODSP)9.500140 |
| 856 | 40|ahttp://publications.gc.ca|qPDF|s883 Ko|uhttps://publications.gc.ca/collections/Collection/S52-2-255-2004.pdf|yN° 255 |